| 000 | 00355nam a2200145Ia 4500 | ||
|---|---|---|---|
| 008 | 150201s2006 xx 000 0 und d | ||
| 082 |
_a616.8 _bN2006S |
||
| 100 | _aSCHWARTZMAN | ||
| 245 | _aNEUROLOGIC EXAMINATION | ||
| 250 | _a1ST | ||
| 260 |
_bBLACKWELL SCIENCE PUB. _aEDINBURGH _c2006 |
||
| 300 | _a1-271 | ||
| 650 | _aPHYSIOTHERAPY | ||
| 942 |
_2ddc _cBK |
||
| 999 |
_c4328 _d4328 |
||